Unusual MLB Baseball Names - Sudden Death - Statistics

General Stats
  • This quiz has been taken 6,412 times
  • The average score is 12 of 22
Answers on the Grid
Answers color-coded by a green-red scale on the quiz's grid according to % correct below.
Home Run Baker
Smoky Berenstain
Oil Can Boyd
Milton Bradley
Three Finger Brown
Dick Butkus
Jazz Chisholm Jr.
Ichabod Crane
Coco Crisp
Pete Crow-Armstrong
Chili Davis
Prince Fielder
Rollie Fingers
Sweyn Forkbeard
Sleepy Floyd
Sauce Gardner
Catfish Hunter
Janson Junk
Rusty Kuntz
Cotton Mather
Tug McGraw
Trot Nixon
Zebulon Pike
Buster Posey
Boog Powell
Pee Wee Reese
Judge Reinhold
Cookie Rojas
Sargent Shriver
Tarik Skubal
Rowdy Tellez
Dizzy Trout
 
Answer Stats
Answer % Correct
2005–2016 Prince Fielder
68%
2020– Jazz Chisholm Jr.
66%
2009–2021 Buster Posey
64%
1940–1958 Pee Wee Reese
64%
1968–1985 Rollie Fingers
63%
2002–2016 Coco Crisp
62%
2023– Pete Crow-Armstrong
62%
1965–1979 Catfish Hunter
61%
1981–1999 Chili Davis
56%
1965–1984 Tug McGraw
56%
2020– Tarik Skubal
54%
1982–1991 Oil Can Boyd
52%
1961–1977 Boog Powell
50%
2000–2011 Milton Bradley
50%
1903–1916 Three Finger Brown
50%
1908–1922 Home Run Baker
49%
1996–2008 Trot Nixon
49%
2018–2025 Rowdy Tellez
46%
1979–1985 Rusty Kuntz
45%
1962–1977 Cookie Rojas
39%
1939–1957 Dizzy Trout
34%
2021– Janson Junk
30%
No matching quizzes found
Score Distribution
Percent of People with Each Score
Percentile by Number Answered
Your Score History
You have not taken this quiz